| 000 | 005110000a22001810004500 | ||
|---|---|---|---|
| 020 | _a0-87784-747-9 | ||
| 041 | 0 | _aENG | |
| 082 | 0 | 4 | _aG 261 H797w |
| 100 | 1 | _aHopler, Thom (1936-1978) | |
| 245 | 1 | 0 | _aA world of difference : Following Christ beyond your cultural walls / Thom Hopler |
| 260 | _aDowners Grove, ILL., USA : InterVarsity | ||
| 300 | _a223 Pag | ||
| 001 | 6717 | ||
| 942 | _cBK | ||
| 999 |
_c36983 _d36983 |
||
| 336 |
_atexto _btxt _2rdacontent |
||
| 337 |
_2rdamedia _asin mediación _bn |
||
| 338 |
_2rdacarrier _avolumen _bnc |
||